LIBRARY & INFORMATION CENTRE, KCAET, TAVANUR

ONLINE PUBLIC ACCESS CATALOGUE (OPAC)

Austrian Hydel power construction methodology 25-27 May 1998, Hotel Mourya sheration, Delhi / (Record no. 820)

MARC details
000 -LEADER
fixed length control field 00412cam a2200145ua 4500
003 - CONTROL NUMBER IDENTIFIER
control field OSt
008 - FIXED-LENGTH DATA ELEMENTS--GENERAL INFORMATION
fixed length control field 260213b |||||||| |||| 00| 0 eng d
041 ## - LANGUAGE CODE
Language code of text/sound track or separate title eng
082 ## - DEWEY DECIMAL CLASSIFICATION NUMBER
Classification number 028.7462
Item number CBI/AU
245 ## - TITLE STATEMENT
Title Austrian Hydel power construction methodology 25-27 May 1998, Hotel Mourya sheration, Delhi /
260 ## - PUBLICATION, DISTRIBUTION, ETC. (IMPRINT)
Place of publication :
Name of publisher Central Board of I and P ,
Year of publication 1998.
300 ## - PHYSICAL DESCRIPTION
Number of Pages 234 ; .
942 ## - ADDED ENTRY ELEMENTS (KOHA)
Koha item type Books
Holdings
Withdrawn status Lost status Damaged status Home library Current library Date acquired Full call number Accession Number Koha item type
      KAUAET KAUAET 07/04/2012 028.7462 19840 Reference
free website counter